[Event "BL 2017-18"]
[Site "Germany"]
[Date "2018.03.11"]
[Round "12"]
[White "Hertneck, Gerald"]
[Black "Gajewski, Grzegorz"]
[Result "0-1"]
[WhiteElo "2488"]
[BlackElo "2601"]
[Annotator "TA"]
[PlyCount "74"]
[EventDate "2018.05.24"]
[EventType "team-tourn"]
[EventCountry "GER"]
[SourceTitle "playchess.com"]
[Source "ChessBase"]
[SourceQuality "1"]
[WhiteTeam "Zugzwang Muenchen"]
[BlackTeam "Dresden"]

{[%evp 11,74,8,11,-14,-8,-12,-8,-32,-23,-17,-10,-13,-3,-29,-24,-15,0,0,0,0,62,-22,-56,-71,-80,-72,-65,-163,-164,-170,-164,-205,-160,-196,-89,-95,-111,-99,-105,-93,-72,-86,-52,-152,-167,-156,-156,-150,-156,-172,-164,-153,-156,-144,-137,-318,-319,-322,-310,-503,-505,-458,-441,-491,-464]} 1. Nf3 d5 2. c4 e6 3. e3 Nf6 4. b3 Bd6 5. Bb2 Nbd7 (5... O-O 6. Nc3 b6 7. Qc2 c6 8. Be2 Bb7 9. cxd5 exd5 10. O-O Nbd7 11. Rac1 Re8 12. Rfd1 Nc5 13. d3 Rc8 {0-1 (59) So,W (2812)-Caruana,F (2808) Paris 2017}) 6. Nc3 {A13: English Opening: 1...e6} O-O {LiveBook: 4 Games} 7. cxd5 $146 ({Predecessor:} 7. Be2 a6 8. O-O b6 9. cxd5 exd5 10. Nd4 Nc5 11. Rc1 Re8 12. Nc6 Qd7 13. d4 Qxc6 14. dxc5 bxc5 15. Bf3 Be6 16. Na4 Nd7 17. Qd2 Bf8 18. Rfd1 Rad8 19. Bxd5 {½-½ (19) Terreaux,G (2459)-Schroeder,M (2469) ICCF email 2015}) 7... exd5 8. Nb5 {The position is equal.} Be7 9. Qc2 c6 {[%cal Bc7c6,Bc6c5][%mdl 32]} 10. Nbd4 Re8 11. Be2 g6 12. Ng5 c5 13. Ndf3 $1 h6 14. Ne6 $1 {[%cal Re6d8]} Qb6 15. Nf4 {aiming for Nxg6!} Nf8 (15... g5 $11 16. Nxg5 hxg5) 16. g4 (16. Bd3 $14) 16... d4 {Threatens to win with ...Bd6.} 17. g5 hxg5 18. Nxg5 {Strongly threatening Bc4.} Bd6 {...Bxf4 is the strong threat.} 19. Ngh3 ({White should play} 19. Qc4 $15 Re7 20. Nd5 Nxd5 21. Qxd5) 19... Bf5 $19 20. Bd3 Bxd3 $1 21. Qxd3 Rad8 22. O-O-O Qa5 (22... dxe3 $19 {is more deadly.} 23. Qc2 exd2+ 24. Rxd2 Be5 25. Bxe5 Rxd2 26. Qxd2 Rxe5) 23. Kb1 $17 Bxf4 24. exf4 b5 25. Ng5 Nd5 $36 {[%mdl 2048] Black is in control.} 26. Qf3 Qb6 27. f5 (27. h4 $15) 27... Re5 $1 28. Nxf7 Kxf7 29. fxg6+ {[#]} Kg7 $1 {[%cal Bf7g7,Bg7h6,Bh6h5][%mdl 32]} 30. Qf7+ Kh6 31. Bc1 {[#]} Qf6 $1 {[%cal Rf6f7] And now ...Qxf7 would win.} ({But not} 31... Nxg6 $2 32. d3+ Ne3 33. fxe3 $18) 32. d3+ Kh5 33. Rdg1 $2 (33. Qxf6 $17 Nxf6 34. g7) 33... Qxf7 $19 34. gxf7 Re2 {( -> ...Nc3+)} 35. Ka1 $2 (35. Bb2 Rxf2 36. Rg3) 35... Nc3 {[%csl Gc3][%cal Re2a2] Black is clearly winning.} 36. Bb2 Rxf2 37. Rg3 {intending Rhg1.} Ne2 {Precision: White = 33%, Black = 63%.} 0-1

[Event "BL 2017-18"]
[Site "Germany"]
[Date "2018.03.11"]
[Round "12"]
[White "Swinkels, Robin"]
[Black "Ginsburg, Gennadi"]
[Result "1/2-1/2"]
[WhiteElo "2485"]
[BlackElo "2442"]
[Annotator "TA"]
[PlyCount "50"]
[EventDate "2018.05.24"]
[EventType "team-tourn"]
[EventCountry "GER"]
[SourceTitle "playchess.com"]
[Source "ChessBase"]
[SourceQuality "1"]
[WhiteTeam "Aachen"]
[BlackTeam "SV Hofheim"]

{[%evp 31,50,68,71,54,119,36,27,0,13,-1,77,66,47,-20,0,0,0,-17,0,0,0]} 1. d4 Nf6 2. c4 e6 3. g3 d5 4. Nf3 Bb4+ 5. Bd2 Be7 6. Bg2 O-O 7. O-O c6 8. Qc2 b6 9. Bf4 Bb7 10. Rd1 Nbd7 11. Ne5 Rc8 12. Nc3 Nxe5 {E08: Closed Catalan: Main Line: 7 Qc2} (12... Nh5 13. Bd2 f5 14. Qa4 Nxe5 15. dxe5 a6 16. cxd5 cxd5 17. e3 b5 18. Qb3 g6 19. Ne2 Bc6 20. Nd4 {1-0 (42) Inarkiev,E (2709)-Riazantsev,A (2671) Doha 2016}) 13. dxe5 Nd7 14. cxd5 cxd5 15. e4 d4 16. Rxd4 Qc7 {LiveBook: 5 Games} 17. Qe2 {[#] Hoping for Nb5.} a6 (17... Nb8 $14) 18. Rad1 $146 ({White should try} 18. Nd5 $16 exd5 19. exd5) ({Predecessor:} 18. Nd5 exd5 19. exd5 {1-0 (41) Terreaux,G (2335)-Aiken,R (1998) ICCF email 2012}) 18... Nxe5 $14 19. h4 b5 20. a3 h6 {[#]} (20... Bf6 $11) 21. Qh5 $1 $16 Bf6 $1 22. Rd6 (22. Rd7 $14 Qxd7 23. Bxe5 Qxd1+ 24. Nxd1) 22... Qc5 {The position is equal.} 23. Be3 Qc7 24. Bf4 Qc5 25. Be3 Qc7 1/2-1/2

[Event "BL 2017-18"]
[Site "Germany"]
[Date "2018.03.11"]
[Round "12"]
[White "Horvath, Adam"]
[Black "Levin, Felix"]
[Result "1-0"]
[WhiteElo "2476"]
[BlackElo "2480"]
[Annotator "TA"]
[PlyCount "121"]
[EventDate "2018.05.24"]
[EventType "team-tourn"]
[EventCountry "GER"]
[SourceTitle "playchess.com"]
[Source "ChessBase"]
[SourceQuality "1"]
[WhiteTeam "Speyer"]
[BlackTeam "Muelheim"]

{[%evp 22,121,10,12,21,14,45,37,48,44,44,51,39,44,36,43,80,78,85,58,47,45,33,8,64,50,62,38,93,57,70,28,82,38,102,11,26,-31,-10,-39,6,-30,15,0,7,1,2,-113,0,0,16,0,62,0,0,0,0,0,98,106,92,83,101,66,122,122,125,117,129,127,95,91,98,95,129,128,98,120,187,178,225,225,220,167,241,230,379,354,436,425,447,431,510,485,850,837,704,514,682,702,702,587]} 1. e4 e5 2. Nf3 Nc6 3. Bc4 Bc5 4. c3 Nf6 5. d3 d6 6. O-O h6 7. a4 a6 8. Re1 {C54: Giuoco Piano: 4 c3 Nf6, main lines with 5 d4 and 5 d3} O-O 9. h3 Ba7 10. Nbd2 Re8 11. b4 Be6 12. Bxe6 {LiveBook: 26 Games} Rxe6 13. Qc2 Nh5 14. Nf1 {[#]} Rg6 $146 ({Find the theoretical novelty and annotate with similar games:} 14... Qf6 15. N1h2 Ree8 {½-½ (41) Grischuk,A (2752)-Jakovenko,D (2714) Novosibirsk 2016}) 15. Be3 Qf6 16. Kh2 Nf4 17. Bxf4 Qxf4+ 18. Kh1 Re8 19. b5 Nd8 20. bxa6 bxa6 21. Rab1 Qf6 22. Ng3 Qe6 (22... Ne6 $11) 23. d4 Rf6 24. Nf5 Qc4 (24... Qc8 $14) 25. Rb4 Qc6 26. Qd3 Qa8 (26... Ne6 $11) 27. Rb2 ({Reject} 27. Qxa6 $6 exd4 28. Qb5 (28. N5xd4 c5 $17) (28. cxd4 d5 $17) (28. Rxd4 Ne6 $15) 28... Rxe4 $11) 27... Bb6 (27... Ne6 $14) 28. d5 (28. Ne3 $16) 28... Nb7 $11 29. Nh2 (29. Nd2 $11) 29... Nc5 $1 $15 {[%cal Rc5d3]} 30. Qc2 h5 (30... Rxf5 $5 31. exf5 Qxd5 $15) 31. Ra2 g6 (31... Rxf5 $5 32. exf5 Qxd5 $11) 32. Ne3 Qc8 33. Nc4 Ba7 34. Na5 (34. f3 $11) 34... Bb6 (34... Nb7 $1 $17 35. Nxb7 Rxf2) 35. Nc4 $11 Ba7 36. f3 h4 (36... Rf4 $11) 37. Rb1 (37. Nb2 $14) 37... Rf4 38. Na5 Bb6 39. Nc4 {[%cal Ba5c4,Bc4b2,Bb2d1][%mdl 32]} Nd7 (39... Ba7 $1 $11 {remains equal.}) 40. a5 $36 {[%mdl 2048] Black is under strong pressure.} Ba7 41. Nb2 {And now Nd3 would win.} Nc5 42. Ng4 Kg7 {[#]} (42... f5 $1 $14 43. exf5 (43. Nf6+ Kf7 $16) 43... Qd8) 43. Nf2 $1 Rf6 44. Nbd1 Rf4 {[#]} 45. c4 $1 f5 {Hoping for ...fxe4.} 46. Nc3 Rf8 47. Ne2 fxe4 48. Nxf4 Rxf4 49. Nxe4 Nxe4 (49... Qf5 $16 50. Nxc5 Bxc5 51. Qxf5 gxf5) 50. fxe4 $18 Qf8 {( -> ...Rf1+)} 51. Qd3 Bc5 52. Rc2 g5 (52... Qf6 {was called for.} 53. Rcc1 Kh6) 53. Rcc1 g4 (53... Qe8 {was worth a try.} 54. Rf1 Kh6) 54. hxg4 h3 55. Qxh3 {White is clearly winning.} Qf6 56. Kh2 {Threatens to win with Rb8.} Qh6 57. Rb7 Rxg4 (57... Rf7 $142 58. Qxh6+ Kxh6) 58. Rxc7+ Kg6 59. Qxh6+ Kxh6 60. Rxc5 dxc5 61. d6 {Precision: White = 62%, Black = 40%.} 1-0

[Event "BL 2017-18"]
[Site "Germany"]
[Date "2018.03.11"]
[Round "12"]
[White "Savchenko, Stanislav"]
[Black "Handke, Florian"]
[Result "1/2-1/2"]
[WhiteElo "2466"]
[BlackElo "2534"]
[Annotator "TA"]
[PlyCount "77"]
[EventDate "2018.05.24"]
[EventType "team-tourn"]
[EventCountry "GER"]
[SourceTitle "playchess.com"]
[Source "ChessBase"]
[SourceQuality "1"]
[WhiteTeam "SV Hofheim"]
[BlackTeam "Aachen"]

{[%evp 20,77,31,27,30,22,45,38,76,67,97,79,85,53,84,31,31,29,46,27,24,15,79,-216,-223,-225,-200,-195,-167,-193,-190,-204,-192,-265,-272,-270,-262,-324,-288,-534,-533,-528,-383,-327,-180,-146,-39,-32,-18,-18,-18,-112,-29,-155,-156,-155,-59,-88,-25,-39]} 1. Nf3 Nf6 2. c4 g6 3. Nc3 d5 4. cxd5 Nxd5 5. e4 Nxc3 6. dxc3 Qxd1+ 7. Kxd1 f6 8. Be3 e5 9. Nd2 Be6 10. Bc4 Kf7 {A16: English Opening: 1...Nf6 with ...d5} 11. Kc2 {LiveBook: 23 Games} a5 (11... Be7 12. Rad1 Rd8 13. Bxe6+ Kxe6 14. Nc4 Rxd1 15. Rxd1 Nc6 16. a4 a5 17. f4 h5 18. Rf1 exf4 19. Bxf4 {½-½ (33) Topalov,V (2816)-Giri,A (2793) Saint Louis 2015}) 12. a4 Nc6 $146 {The position is equal.} ({Predecessor:} 12... Nd7 13. Rhd1 Bc5 14. Nb3 Bd6 15. Bxe6+ Kxe6 16. f3 f5 17. h3 {1-0 (58) Kozul,Z (2626)-Soysal,S (2400) Izmir 2018}) 13. Rad1 Be7 14. Bd5 Ra6 15. Nc4 Rb8 16. f4 Bd6 17. g3 (17. Rhf1 $16) 17... b5 $14 18. axb5 Rxb5 19. Rhf1 exf4 20. Bxf4 Ne7 (20... Bxf4 $11 {remains equal.} 21. Rxf4 (21. gxf4 Ne7 $11) 21... Ne7) 21. Bg5 $2 {[%mdl 8192]} (21. Bxe6+ $16 {keeps the pressure on.} Kxe6 22. Bxd6 (22. Nxd6 cxd6 23. Rf2 a4 $14) 22... cxd6 23. Rf2) 21... Nxd5 $19 22. exd5 Bf5+ 23. Rxf5 gxf5 24. Be3 a4 25. Bc1 Rc5 26. Rd4 (26. Nxd6+ $142 cxd6 27. Rd4) 26... Be5 27. Rh4 Kg8 ({Don't play} 27... Rxd5 28. Rxh7+ Ke6 29. Be3 $17) 28. Nxe5 fxe5 {[%mdl 4096] Endgame KRR-KRB} 29. c4 $2 {[#]} (29. Rh5 {was called for.}) 29... f4 $1 30. Kc3 (30. gxf4 Rxc4+) 30... Rb6 31. b4 axb3 (31... f3 $142 32. Be3 (32. bxc5 $2 {is the wrong capture.} f2 $17) 32... a3 33. Bxc5 Ra6) 32. gxf4 exf4 (32... e4 $17 {Strongly threatening ...c6.} 33. f5 c6 34. Rg4+ Kf7 35. dxc6 Rbxc6 36. Rxe4 Rb6) 33. Rg4+ $1 $15 Kf7 {White must now prevent ...f3.} 34. Rxf4+ Ke8 {next ...c6 is good for Black.} 35. Rh4 {[#]} (35. Ba3 $1 $11 b2 36. Bxb2) 35... h6 (35... c6 $1 $17 {[%cal Rc6d5]} 36. Re4+ Kf7 37. Rf4+ Ke8 38. Re4+ Kd7) 36. Rg4 (36. Re4+ $11 {keeps the balance.} Kd7 37. Rh4) 36... Ra5 $17 37. Bb2 h5 ({Black should play} 37... Kf7 $17 38. Rf4+ Kg6) 38. Rg7 Kd8 (38... c5 $17 39. Rg5 h4 40. Rg8+ Kf7) 39. Rh7 {Precision: White = 34%, Black = 35%.} 1/2-1/2

[Event "BL 2017-18"]
[Site "Germany"]
[Date "2018.03.11"]
[Round "12"]
[White "Dragnev, Valentin"]
[Black "Piorun, Kacper"]
[Result "1/2-1/2"]
[WhiteElo "2461"]
[BlackElo "2659"]
[Annotator "TA"]
[PlyCount "48"]
[EventDate "2018.05.24"]
[EventType "team-tourn"]
[EventCountry "GER"]
[SourceTitle "playchess.com"]
[Source "ChessBase"]
[SourceQuality "1"]
[WhiteTeam "Bayern Muenchen"]
[BlackTeam "SFR Berlin"]

{[%evp 24,48,37,31,46,41,54,51,50,21,41,0,24,30,29,27,33,14,19,7,14,0,23,0,15,0,20]} 1. e4 c5 2. Nf3 Nc6 3. d4 cxd4 4. Nxd4 g6 5. c4 Bg7 6. Be3 Nf6 7. Nc3 d6 8. Be2 O-O 9. O-O Bd7 10. h3 Nxd4 11. Bxd4 Bc6 12. Qc2 {B38: Sicilian: Maroczy Bind with 5...Bg7 and 7...0-0} a5 13. Rad1 {LiveBook: 27 Games} a4 (13... Nd7 14. Bxg7 Kxg7 15. Bg4 Nf6 16. e5 Nxg4 17. hxg4 {½-½ (36) Andreikin,D (2737)-Mamedov,R (2688) Tallinn 2016}) 14. c5 {White is slightly better.} Qa5 15. cxd6 exd6 16. Bf3 $146 ({Find the theoretical novelty and annotate with similar games:} 16. Rfe1 a3 17. Bc4 Rac8 18. Bb3 Rfe8 19. Qd2 Nxe4 {½-½ (28) South,R (2225)-Fullbrook,N (2225) Red Deer 1999}) 16... a3 17. Qb3 axb2 18. Qxb2 Qa3 19. Qa1 $36 {[%mdl 2048] White is pushing.} Ne8 20. Rfe1 Qb4 21. Ne2 Bh6 22. Nc3 Bg7 23. Ne2 Bh6 24. Nc3 Bg7 {Precision: White = 31%, Black = 77%.} 1/2-1/2

[Event "BL 2017-18"]
[Site "Germany"]
[Date "2018.03.11"]
[Round "12"]
[White "Schreiner, Peter"]
[Black "Ribli, Zoltan"]
[Result "1/2-1/2"]
[WhiteElo "2460"]
[BlackElo "2535"]
[Annotator "TA"]
[PlyCount "55"]
[EventDate "2018.05.24"]
[EventType "team-tourn"]
[EventCountry "GER"]
[SourceTitle "playchess.com"]
[Source "ChessBase"]
[SourceQuality "1"]
[WhiteTeam "SFR Berlin"]
[BlackTeam "Bayern Muenchen"]

{[%evp 12,55,29,28,31,27,31,0,0,6,10,0,0,0,0,0,0,-13,-20,-13,0,-25,0,-12,-13,-21,0,-8,0,-25,-37,-24,-26,-25,-28,-28,-29,-26,-33,-49,-20,-24,-26,-23,-25,-39]} 1. Nf3 d5 2. g3 g6 3. Bg2 Bg7 4. d4 Nf6 5. O-O O-O 6. c4 Nc6 7. Nbd2 {[%cal Bb1d2,Bd2c4,Bc4e5,Be5d3,Bd3f4][%mdl 32]} a5 {D02: 1 d4 d5 2 Nf3 sidelines, including 2...Nf6 3 g3 and 2...Nf6 3 Bf4} 8. b3 a4 9. bxa4 dxc4 {The position is equal.} 10. Nxc4 Be6 11. Nce5 Bd5 $146 ({Predecessor:} 11... Nxe5 12. Nxe5 Bd5 13. e3 Bxg2 14. Kxg2 Qd5+ {½-½ (71) Vastrukhin,O (2386)-Artemiev,V (2692) Sochi 2017}) 12. Bb2 Ra6 13. Nd3 Qa8 14. Nf4 Be4 15. e3 Rxa4 16. a3 Nd5 17. Nxd5 Bxd5 18. Qc2 e6 19. Rfc1 Rd8 20. Nd2 Bxg2 21. Kxg2 e5 {[%cal Re5d4]} 22. Nf3 {[%cal Rd4e5]} exd4 23. exd4 Ra5 24. Rab1 Rad5 25. Re1 Qc8 {[%cal Rc6d4]} 26. Qb3 b6 {[%cal Rg7d4]} 27. Rbc1 Na5 28. Qc2 {Precision: White = 50%, Black = 71%.} 1/2-1/2

[Event "BL 2017-18"]
[Site "Germany"]
[Date "2018.03.11"]
[Round "12"]
[White "Shytaj, Luca"]
[Black "Zelbel, Patrick"]
[Result "1/2-1/2"]
[WhiteElo "2454"]
[BlackElo "2440"]
[Annotator "TA"]
[PlyCount "45"]
[EventDate "2018.05.24"]
[EventType "team-tourn"]
[EventCountry "GER"]
[SourceTitle "playchess.com"]
[Source "ChessBase"]
[SourceQuality "1"]
[WhiteTeam "Speyer"]
[BlackTeam "Muelheim"]

{[%evp 11,45,1,16,5,25,2,29,20,35,38,43,28,39,27,33,22,33,22,32,27,47,50,47,17,35,11,19,11,18,11,22,5,20,4,7,-16]} 1. e4 e5 2. Nf3 Nc6 3. Bc4 Nf6 4. d3 Bc5 5. h3 O-O 6. Nc3 a6 {LiveBook: 3 Games. C50: Hungarian Defence and Giuoco Pianissimo} 7. a4 (7. Bb3 d6 8. Bg5 h6 9. Bh4 Be6 10. Nd5 Bxd5 11. Bxd5 g5 12. Bxc6 bxc6 13. Bg3 Rb8 14. Rb1 {0-1 (53) Novikov,M (2546)-Socko,B (2621) Biel 2006}) 7... Kh8 $146 ({Predecessor:} 7... Be7 8. Nd5 d6 9. Nxe7+ Nxe7 10. Bg5 Ng6 11. Qd2 Be6 12. Bxe6 fxe6 13. Qb4 {0-1 (71) Piotrowski,A (1959)-Pastuszko,K (1935) Warsaw 2012}) 8. Ba2 Qe8 9. Bg5 Be7 10. O-O d6 11. d4 exd4 12. Nxd4 Nxd4 13. Qxd4 Be6 14. a5 Rd8 15. Rfe1 Nd7 {[%cal Bf6d7,Bd7c5,Bc5e6][%mdl 32]} 16. Be3 Bf6 17. Qd2 Nc5 18. Bd4 Bxd4 {The position is equal.} 19. Qxd4 Bxa2 20. Nxa2 Qe5 21. Rad1 Ne6 22. Qxe5 dxe5 23. Nc1 {Precision: White = 59%, Black = 42%.} 1/2-1/2

[Event "BL 2017-18"]
[Site "Germany"]
[Date "2018.03.11"]
[Round "12"]
[White "Trent, Lawrence"]
[Black "Jakovenko, Dmitry"]
[Result "0-1"]
[WhiteElo "2440"]
[BlackElo "2746"]
[Annotator "TA"]
[PlyCount "80"]
[EventDate "2018.05.24"]
[EventType "team-tourn"]
[EventCountry "GER"]
[SourceTitle "playchess.com"]
[Source "ChessBase"]
[SourceQuality "1"]
[WhiteTeam "Norderstedt"]
[BlackTeam "Schwaebisch Hall"]

{[%evp 13,80,10,10,7,7,0,19,0,0,0,0,15,17,2,14,21,10,18,1,0,25,6,15,0,32,0,25,17,21,-22,0,0,27,25,40,0,0,-20,-20,-20,-20,-20,-22,-20,0,-32,-31,-68,-18,-20,-17,-26,0,0,0,0,0,-85,-85,-142,-153,-156,-137,-144,-123,-327,-315,-325,-317]} 1. e4 c5 2. Nf3 d6 3. Bb5+ Nd7 4. a4 a6 (4... Ngf6 5. Nc3 a6 6. Bxd7+ Bxd7 7. a5 g6 8. O-O Bg7 9. e5 dxe5 10. Nxe5 O-O 11. d3 Be6 12. Re1 Nd5 13. Bd2 {½-½ (42) Carlsen,M (2837)-Ding,L (2774) Saint Louis 2017}) 5. Bc4 Ngf6 6. Nc3 {B51: Sicilian: Moscow Variation (3 Bb5+) without 3...Bd7} e6 7. O-O Be7 {LiveBook: 4 Games} 8. d4 {The position is equal.} cxd4 9. Nxd4 O-O 10. a5 Qc7 11. Bxe6 $146 ({Find the theoretical novelty and annotate with similar games:} 11. Bb3 Nc5 12. Qe2 Nxb3 13. Nxb3 {½-½ (40) Pleasants,A (2119)-Strugnell,C (2241) Swansea 2014}) 11... fxe6 12. Nxe6 Qc4 13. Nxf8 Bxf8 (13... Nxf8 {NOTEXT} 14. Ra4 Qf7 15. Be3 Bd7 16. Rd4 Rc8) 14. Re1 Qf7 15. f3 Ne5 16. Na4 Be6 17. b3 Re8 18. c4 Qh5 19. Ra2 Nfd7 20. Nc3 {[%cal Ba4c3,Bc3e2,Be2f4,Bf4d5,Bd5b6][%mdl 32]} Nc5 21. Ne2 Qh4 22. Rf1 Bf7 23. Nf4 Qd8 24. Be3 Nc6 25. Nd5 Nxa5 26. Rxa5 Qxa5 27. b4 Qa2 {[#] Threatens to win with ...Nd7.} 28. bxc5 Qxc4 {White must now prevent ...Bxd5.} 29. Nb6 Qc3 30. Nd5 Qa3 31. cxd6 Qxd6 {Strongly threatening ...Bxd5.} 32. Nb6 Rd8 33. Qxd6 Bxd6 34. Rc1 a5 35. Kf1 {[#]} (35. Bg5 $11 Ba3 36. Rc7 Rd1+ 37. Kf2) 35... Bb3 $1 $17 ({Much weaker is} 35... Bxh2 $6 36. Ra1 $11) 36. Bg5 (36. e5 $142 Bxe5 37. Rc5 Bxh2 38. Rxa5) 36... Re8 37. Nc4 Bb4 ({And not} 37... Bxh2 38. Nxa5 Ba4 39. Nxb7 $11) 38. Nd2 Be6 {Hoping for ...a4.} 39. Rc7 $2 (39. Rb1 $17) 39... b5 $19 40. Nb1 a4 {Precision: White = 49%, Black = 67%.} 0-1

[Event "BL 2017-18"]
[Site "Germany"]
[Date "2018.03.11"]
[Round "12"]
[White "Womacka, Mathias"]
[Black "Polischuk, Viktor"]
[Result "1-0"]
[WhiteElo "2439"]
[BlackElo "2283"]
[Annotator "TA"]
[PlyCount "79"]
[EventDate "2018.05.24"]
[EventType "team-tourn"]
[EventCountry "GER"]
[SourceTitle "playchess.com"]
[Source "ChessBase"]
[SourceQuality "1"]
[WhiteTeam "Schwaebisch Hall"]
[BlackTeam "Norderstedt"]

{[%evp 29,79,48,68,63,64,21,27,25,32,30,53,57,62,62,120,106,111,109,131,129,131,128,128,125,159,150,151,143,207,212,212,208,252,281,266,194,281,271,303,287,351,346,429,342,429,426,644,643,625,616,566,564]} 1. e4 c5 2. Nf3 e6 3. d4 cxd4 4. Nxd4 Nf6 5. Nc3 Nc6 6. Ndb5 Bb4 7. a3 Bxc3+ 8. Nxc3 d5 9. exd5 exd5 10. Bd3 O-O 11. O-O d4 12. Ne2 Bg4 13. Bg5 Qd6 14. f3 {B45: Sicilian Four Knights} (14. Qd2 h6 15. Bf4 Qd5 16. Bg3 Rfe8 17. Nf4 Qc5 18. Rfe1 Ne5 19. h3 Bd7 20. Rad1 Rac8 21. Rc1 Nc4 22. Bxc4 Rxe1+ 23. Qxe1 Qxc4 {½-½ (54) Popov,I (2599)-Tregubov,P (2589) Moscow 2017}) 14... Bh5 15. Qd2 Nd5 {LiveBook: 4 Games} 16. Be4 {White is slightly better.} f6 17. Bf4 $146 (17. c4 {is more complex.} Nb6 18. Bf4 Nxc4 19. Bxd6 Nxd2 20. Bxf8 Nxe4 21. Bb4) ({Predecessor:} 17. c4 Nde7 18. Be3 Rfd8 19. Rfd1 Qc5 20. Nxd4 Qxc4 21. Rac1 Qf7 22. Qf2 {1-0 (43) Abdusattorov,N (2432)-Dimitrova,A (2235) St Petersburg 2015}) 17... Nxf4 18. Qxf4 Rfd8 19. Rad1 Qxf4 20. Nxf4 Bf7 21. Rd2 Rd7 (21... Rd6 $14) 22. Rfd1 $16 Rad8 23. Ne2 Bg6 24. Bxc6 $1 bxc6 25. Rxd4 ({Much weaker is} 25. Nxd4 $6 c5 $11) 25... Rxd4 26. Rxd4 {[%mdl 4096] Endgame KRB-KRN} Rb8 27. b4 Bxc2 {[#]} 28. Rd7 $1 a5 (28... Re8 $16 {is a better defense.}) 29. bxa5 $18 {Hoping for a6.} Ra8 30. Nd4 $1 {[%csl LRc2,LRc6]} Ba4 {And now ...c5 would win.} 31. Ne6 Rxa5 32. Rxg7+ Kh8 33. Rf7 {[%cal Rf7f8] [#]} h5 34. Rxf6 Rd5 35. h4 c5 36. Rf8+ Kh7 37. Rc8 {White is clearly winning.} Bd7 (37... Rd6 $142 38. Nxc5 Rd4) 38. Nf8+ Kh6 39. Nxd7 Rxd7 40. Rc6+ {Precision: White = 95%, Black = 19%.} 1-0

[Event "BL 2017-18"]
[Site "Germany"]
[Date "2018.03.11"]
[Round "12"]
[White "Vogel, Roven"]
[Black "Schramm, Christian"]
[Result "1-0"]
[WhiteElo "2438"]
[BlackElo "2374"]
[Annotator "TA"]
[PlyCount "89"]
[EventDate "2018.05.24"]
[EventType "team-tourn"]
[EventCountry "GER"]
[SourceTitle "playchess.com"]
[Source "ChessBase"]
[SourceQuality "1"]
[WhiteTeam "Dresden"]
[BlackTeam "Zugzwang Muenchen"]

{[%evp 14,89,27,24,19,30,27,4,7,2,17,18,26,9,149,131,140,140,148,131,178,148,160,151,122,136,142,102,149,149,151,159,149,97,113,121,110,87,153,163,166,103,102,102,102,102,99,94,102,106,102,91,120,110,131,118,126,124,111,87,91,90,90,91,214,85,92,85,470,448,437,435,874,673,651,648,640,640]} 1. d4 Nf6 2. c4 e6 3. Nf3 Be7 4. Nc3 d5 5. Bf4 O-O 6. e3 c6 7. h3 b6 {D37: Queen's Gambit Declined: 5 Bf4} 8. Bd3 {LiveBook: 6 Games} dxc4 9. Bxc4 Nd5 $146 {White has an edge.} ({Predecessor:} 9... Bb7 10. O-O c5 11. dxc5 Bxc5 12. Qxd8 Rxd8 13. Ne5 Nc6 14. Nxc6 Bxc6 15. Rfd1 Kf8 16. a3 Ne4 17. Nxe4 {½-½ (17) Ribli,Z (2565)-Pfleger,H (2480) Austria 1998}) 10. O-O Nxf4 11. exf4 Nd7 12. Qe2 Bb7 13. Rad1 Qc7 {[#]} (13... Nf6 $11) 14. f5 $1 $36 {[%cal Rf5e6][%mdl 2560] White is really pushing.} Kh8 (14... exf5 15. Qxe7) 15. fxe6 fxe6 16. Bxe6 Bd6 17. Ng5 {Hoping for Nxh7!} Nf6 18. Bb3 Rae8 19. Qd3 Bc8 20. Rde1 {Threatens to win with Rxe8.} Bh2+ 21. Kh1 Rxe1 22. Rxe1 {aiming for g3.} Bf4 {[#]} 23. Ne6 ({Better is} 23. Nf3 $1) 23... Bxe6 24. Rxe6 Qd7 25. Qc4 b5 (25... Qxe6 $142 26. Qxe6 Re8) 26. Qc5 Re8 {[#]} 27. Re2 (27. Rxe8+ $1 $18 Qxe8 28. g3) 27... Bd6 28. Rxe8+ Nxe8 29. Qh5 Nf6 30. Qf3 Bc7 31. Ne2 a5 32. a4 Qd6 {[%csl Gc7][%cal Rd6h2]} 33. g3 bxa4 34. Bxa4 Qb4 35. Qxc6 Qxb2 36. Bb5 Qb1+ 37. Kh2 {And now Nc3 would win.} Qf5 38. Kg1 ({But not} 38. Qxc7 $6 Qxf2+ 39. Kh1 Qf1+ 40. Kh2 Qf2+ 41. Kh1 Qf1+ 42. Kh2 Qf2+ $11) 38... h5 (38... Qb1+ $16 {was worth a try.} 39. Nc1 h6) 39. Bc4 ({Don't take} 39. Qxc7 $6 Qxb5 40. Nc3 Qd3 $16) (39. Nc3 $18 {and White stays clearly on top.} Bb8 40. Qa8) 39... Qb1+ 40. Kh2 Qf5 $2 {[%mdl 8192]} (40... Qb6 $16 41. Qc5 Qb8) 41. Qxc7 $18 {White is clearly winning.} Qxf2+ 42. Kh1 a4 (42... Qf1+ $142 43. Ng1 Qf5 44. Qb8+ Kh7) 43. Qb8+ Kh7 {intending ...Qf1+.} 44. Bd3+ g6 45. Qf4 {Precision: White = 64%, Black = 52%.} 1-0